<?xml version="1.0" encoding="UTF-8"?>
<record
    xmlns:xsi="http://www.w3.org/2001/XMLSchema-instance"
    xsi:schemaLocation="http://www.loc.gov/MARC21/slim http://www.loc.gov/standards/marcxml/schema/MARC21slim.xsd"
    xmlns="http://www.loc.gov/MARC21/slim">

  <leader>04587cam a2200529 a 4500</leader>
  <controlfield tag="001">ocn568009615</controlfield>
  <controlfield tag="005">20250205130741.0</controlfield>
  <controlfield tag="006">m     o  d        </controlfield>
  <controlfield tag="007">cr bn||||||abp</controlfield>
  <controlfield tag="007">cr bn||||||ada</controlfield>
  <controlfield tag="008">100323s1985    enka    ob    001 0 eng d</controlfield>
  <datafield tag="020" ind1=" " ind2=" ">
    <subfield code="a">9780408011754</subfield>
    <subfield code="q">(electronic bk.)</subfield>
  </datafield>
  <datafield tag="020" ind1=" " ind2=" ">
    <subfield code="a">0408011750</subfield>
    <subfield code="q">(electronic bk.)</subfield>
  </datafield>
  <datafield tag="020" ind1=" " ind2=" ">
    <subfield code="a">9781483192253</subfield>
  </datafield>
  <datafield tag="020" ind1=" " ind2=" ">
    <subfield code="a">1483192253</subfield>
  </datafield>
  <datafield tag="040" ind1=" " ind2=" ">
    <subfield code="a">KO</subfield>
    <subfield code="b">eng</subfield>
  </datafield>
  <datafield tag="041" ind1="0" ind2=" ">
    <subfield code="a">eng</subfield>
  </datafield>
  <datafield tag="082" ind1="0" ind2="4">
    <subfield code="a">620.1/1223</subfield>
    <subfield code="2">19</subfield>
  </datafield>
  <datafield tag="084" ind1=" " ind2=" ">
    <subfield code="a">51.24</subfield>
    <subfield code="2">bcl</subfield>
  </datafield>
  <datafield tag="100" ind1="1" ind2=" ">
    <subfield code="a">Chandler, Kenneth A.</subfield>
  </datafield>
  <datafield tag="245" ind1="1" ind2="0">
    <subfield code="a">Marine and offshore corrosion /</subfield>
  </datafield>
  <datafield tag="260" ind1=" " ind2=" ">
    <subfield code="a">London ;</subfield>
    <subfield code="a">Boston :</subfield>
    <subfield code="b">Butterworths,</subfield>
    <subfield code="c">1985.</subfield>
  </datafield>
  <datafield tag="300" ind1=" " ind2=" ">
    <subfield code="a">1 online resource (413 pages) :</subfield>
    <subfield code="b">illustrations</subfield>
  </datafield>
  <datafield tag="338" ind1=" " ind2=" ">
    <subfield code="a">online resource</subfield>
  </datafield>
  <datafield tag="490" ind1="1" ind2=" ">
    <subfield code="a">Marine engineering series</subfield>
  </datafield>
  <datafield tag="504" ind1=" " ind2=" ">
    <subfield code="a">Includes bibliographical references and index.</subfield>
  </datafield>
  <datafield tag="505" ind1="0" ind2=" ">
    <subfield code="a">Front Cover; Marine and OffshoreCorrosion; Copyright Page; Preface; Acknowledgements; Table of Contents; Chapter 1. Introduction : The control of corrosion in marineenvironments; 1.1 THE CORROSION PROCESS; 1.2 CORROSION CONTROL; Chapter 2. Principles of corrosion; 2.1 INTRODUCTION; 2.2 WHY METALS CORRODE; 2.3 RATE AND FORM OF CORROSION; 2.4 ELECTROCHEMICAL MECHANISM OF CORROSION; 2.5 SPONTANEITY OF REACTION; 2.6 RATES OF ANODIC AND CATHODIC REACTIONS; 2.7 CORROSION PRODUCTS; 2.8 EQUILIBRIUM AND EQUILIBRIUM POTENTIALS; 2.9 MEASUREMENT OF POTENTIALS OF HALF-CELLS; 2.10 ELECTRODE POLARISATION</subfield>
  </datafield>
  <datafield tag="505" ind1="8" ind2=" ">
    <subfield code="a">2.11 POTENTIAL-pH EQUILIBRIUM DIAGRAMS2.12 POTENTIAL-CURRENT DIAGRAMS; 2.13 PASSIVATION; 2.14 ANODICE-i CURVES; 2.15 FURTHER READING; Chapter 3. Marine environments; 3.1 SEA WATER; 3.2 TEMPERATURE; 3.3 DISSOLVED GASES; 3.4 HYDROGEN SULPHIDE AND AMMONIA; 3.5 CARBON DIOXIDE; 3.6 ELECTRICAL CONDUCTIVITY; 3.7 pH OF SEAWATER; 3.8 CALCAREOUS SCALES; 3.9 GLOBAL VARIATIONS IN SEA WATER; 3.10 FOULING; 3.11 CORROSION UNDER IMMERSED CONDITIONS; 3.12 ATMOSPHERIC MARINE ENVIRONMENTS; 3.13 REFERENCES; Chapter 4. Forms of corrosion; 4.1 GENERAL ATTACK; 4.2 LOCALISED CORROSION; 4.3 SELECTIVE LEACHING</subfield>
  </datafield>
  <datafield tag="505" ind1="8" ind2=" ">
    <subfield code="a">4.4 INTERGRANULAR CORROSION4.5 VELOCITY EFFECTS ON CORROSION; 4.6 STRESS CORROSION CRACKING; 4.7 CORROSION FATIGUE; 4.8 FRETTING CORROSION; 4.9 FRETTING FATIGUE; 4.10 FILIFORM CORROSION; 4.11 BIMETALLIC CORROSION; 4.12 HIGH-TEMPERATURE OXIDATION; 4.13 THE ROLE OF BACTERIA IN CORROSION; 4.14 REFERENCES; Chapter 5. Ferrous alloys; 5.1 CARBON STEEL; 5.2 LOW-ALLOY STEELS; 5.3 CAST IRONS; 5.4 STAINLESS STEELS; 5.5 SPECIAL STAINLESS STEELS FOR SEA WATER; 5.6 REFERENCES; Chapter 6. Non-ferrous metals andalloys; 6.1 COPPER AND COPPER-BASE ALLOYS; 6.2 NICKEL ALLOYS; 6.3 ALUMINIUM AND ALUMINIUM ALLOYS</subfield>
  </datafield>
  <datafield tag="505" ind1="8" ind2=" ">
    <subfield code="a">6.4 TITANIUM6.5 MAGNESIUM; 6.6 OTHER METALS AND MATERIALS USED INMARINE SITUATIONS; 6.7 REFERENCES; Chapter 7. Design; 7.1 FEATURES THAT PROMOTE CORROSION; 7.2 ACCESS FOR MAINTENANCE; 7.3 ENVIRONMENT CONTROL IN STRUCTURES; 7.4 SPECIAL SITUATIONS; 7.5 BIMETALLIC CORROSION; 7.6 FLOWING WATER SYSTEMS; 7.7 REFERENCES; Chapter 8. The selection of materials for marineenvironments; 8.1 FACTORS INVOLVED IN THE SELECTIONOF MATERIALS; 8.2 COSTS AND RELIABILITY; 8.3 QUALITY CONTROL; 8.4 CORROSION DATA; 8.5 MATERIALS FOR SALTWATER SYSTEMS; 8.6 GENERAL SUMMARY; 8.7 REFERENCES</subfield>
  </datafield>
  <datafield tag="505" ind1="8" ind2=" ">
    <subfield code="a">Chapter 9. Protective coatings for steelwork -- surface preparation of steelbefore painting9.1 THE NATURE OF THE STEEL SURFACE; 9.2 CLEANING OF STEELWORK; 9.3 ACID PICKLING; 9.4 FLAME CLEANING; 9.5 STANDARDS FOR SURFACECLEANLINESS; 9.6 SURFACE PROFILE; 9.7 SOLUBLE CORROSION PRODUCTS; 9.8 PREPARATION OF WELDS; 9.9 REFERENCES; Chapter 10. Paint coatings; 10.1 PAINT SYSTEMS; 10.2 PIGMENTS; 10.3 PAINT ADDITIVES, SOLVENTS AND DILUENTS; 10.4 BINDERS; 10.5 TYPES OF PAINT; 10.6 HIGH-DUTY COATINGS AND PLASTICS COATINGS; 10.7 WRAPPING TAPES; 10.8 PAINT APPLICATION; 10.9 TEMPORARY PROJECTION</subfield>
  </datafield>
  <datafield tag="520" ind1=" " ind2=" ">
    <subfield code="a">Marine and Offshore Corrosion.</subfield>
  </datafield>
  <datafield tag="546" ind1=" " ind2=" ">
    <subfield code="a">English.</subfield>
  </datafield>
  <datafield tag="650" ind1=" " ind2="0">
    <subfield code="a">Seawater corrosion.</subfield>
  </datafield>
  <datafield tag="650" ind1=" " ind2="0">
    <subfield code="a">Offshore structures</subfield>
    <subfield code="x">Corrosion.</subfield>
  </datafield>
  <datafield tag="650" ind1=" " ind2="6">
    <subfield code="a">Corrosion par l'eau de mer.</subfield>
    <subfield code="0">(CaQQLa)201-0067187</subfield>
  </datafield>
  <datafield tag="650" ind1=" " ind2="6">
    <subfield code="a">Structures offshore</subfield>
    <subfield code="0">(CaQQLa)201-0052398</subfield>
    <subfield code="x">Corrosion.</subfield>
    <subfield code="0">(CaQQLa)201-0379966</subfield>
  </datafield>
  <datafield tag="650" ind1=" " ind2="7">
    <subfield code="a">Offshore structures</subfield>
    <subfield code="x">Corrosion.</subfield>
    <subfield code="2">fast</subfield>
    <subfield code="0">(OCoLC)fst01044394</subfield>
  </datafield>
  <datafield tag="650" ind1=" " ind2="7">
    <subfield code="a">Seawater corrosion.</subfield>
    <subfield code="2">fast</subfield>
    <subfield code="0">(OCoLC)fst01110507</subfield>
  </datafield>
  <datafield tag="653" ind1=" " ind2=" ">
    <subfield code="a">Marine structures</subfield>
    <subfield code="a">Corrosion</subfield>
  </datafield>
  <datafield tag="830" ind1=" " ind2="0">
    <subfield code="a">Marine engineering series.</subfield>
  </datafield>
  <datafield tag="852" ind1=" " ind2=" ">
    <subfield code="a">KO</subfield>
  </datafield>
  <datafield tag="856" ind1=" " ind2=" ">
    <subfield code="u">https://www.sciencedirect.com/science/book/9780408011754</subfield>
  </datafield>
  <datafield tag="904" ind1=" " ind2=" ">
    <subfield code="a">RUDRA_R</subfield>
  </datafield>
  <datafield tag="905" ind1=" " ind2=" ">
    <subfield code="a">R_RANJAN</subfield>
  </datafield>
  <datafield tag="942" ind1=" " ind2=" ">
    <subfield code="c">EB</subfield>
  </datafield>
  <datafield tag="999" ind1=" " ind2=" ">
    <subfield code="c">3345</subfield>
    <subfield code="d">3345</subfield>
  </datafield>
</record>
